MARC

LEADER 00000nam0a2200000 4500
001 40181
005 20231031012352.0
035 |a (RuTPU)RU\TPU\book\41204 
035 |a RU\TPU\book\36988 
090 |a 40181 
100 |a 20020429d1984 k y0rusy50 ca 
101 0 |a rus 
102 |a RU 
105 |a y z 001zy 
200 1 |a Методические погрешности статистических измерений  |f Э. И. Цветков 
210 |a Ленинград  |c Энергоатомиздат  |d 1984 
215 |a 144 с. 
320 |a Библиогр.: с. 143-144 
610 1 |a измерительные средства 
610 1 |a измерения 
610 1 |a погрешности 
610 1 |a обработка 
610 1 |a статистические наблюдения 
675 |a 519.23  |v 3 
700 1 |a Цветков  |b Э. И.  |g Эрик Иванович 
801 0 |a RU  |b 63413507  |c 20011210  |g PSBO 
801 1 |a RU  |b 63413507  |c 20020429  |g PSBO 
801 2 |a RU  |b 63413507  |c 20150224  |g PSBO 
942 |c BK